|
|
|
|
| LEADER |
00000cam a2200000 a 4500 |
| 001 |
vtls001114030 |
| 003 |
SK-MaSNL |
| 005 |
20260302073253.0 |
| 008 |
240315s1979 xo 00000 slo |
| 015 |
|
|
|a SNBA1979
|
| 035 |
|
|
|a SNK000056873
|
| 040 |
|
|
|a SNK
|b slo
|c SNK
|e AACR2
|
| 041 |
0 |
|
|a slo
|
| 044 |
|
|
|a xo
|c SK
|
| 080 |
|
|
|a 514.18(075.8)
|2 1981
|
| 100 |
1 |
|
|a Gallo, Ondrej
|4 aut
|9 7569
|
| 245 |
1 |
0 |
|a Deskriptívna geometria
|c Ondrej Gallo, Matúš Kuniak, Vladislav Paluch
|
| 250 |
|
|
|a 5. vyd.
|
| 260 |
|
|
|a Bratislava
|b Alfa
|c 1979
|
| 300 |
|
|
|a 383 s.
|b grafy, sch.
|c 29 cm
|
| 366 |
|
|
|e 1500 výt.
|
| 490 |
1 |
|
|a Dočasná vysokoškolská učebnica
|
| 500 |
|
|
|a Vyd. pre VŠT v Košiciach
|
| 504 |
|
|
|a Bibliogr.
|
| 650 |
0 |
7 |
|a deskriptívna geometria
|2 SNKPH
|9 831
|
| 655 |
|
7 |
|a učebnice vysokých škôl
|2 SNKPH
|9 70191
|
| 700 |
1 |
|
|a Kuniak, Matúš
|4 aut
|9 361515
|
| 700 |
1 |
|
|a Paluch, Vladislav,
|d 1930-
|4 aut
|9 231124
|
| 830 |
|
0 |
|a Dočasná vysokoškolská učebnica
|9 279156
|
| 958 |
|
|
|a OND
|
| 958 |
|
|
|a NB
|
| 999 |
|
|
|c 1160169
|d 1162099
|
| 952 |
|
|
|t P60, <04>, [BOOK], {604}
|a SNK
|b SNK
|y VYP
|7 0
|p 17A0020065
|o snkSB 27472 D1
|i snkKSP 206/79
|0 0
|1 0
|4 0
|d 1996-11-22
|l 0
|r 2004-12-31 00:00:00
|w 2026-02-24
|
| 952 |
|
|
|a SNK
|b SNK
|y PREZ
|7 0
|p 17A0971010
|o snkSB 27472
|i snkKSP 205/79
|0 0
|1 0
|4 0
|d 2012-07-31
|f 1
|l 0
|r 2025-03-31 00:00:00
|w 2026-02-24
|